Manual on Subsurface Investigations / (Record no. 1916)

000 -LEADER
fixed length control field 00213 a2200085 4500
082 ## - DEWEY DECIMAL CLASSIFICATION NUMBER
Classification number 625.735 AAS
245 ## - TITLE STATEMENT
Title Manual on Subsurface Investigations /
260 ## - PUBLICATION, DISTRIBUTION, ETC.
Place of publication, distribution, etc. Washington:
Date of publication, distribution, etc. AASHTO,
Name of publisher, distributor, etc. 1988
300 ## - PHYSICAL DESCRIPTION
Extent 391p. :
Other physical details ill. ;
Dimensions 30cm
650 ## - SUBJECT ADDED ENTRY--TOPICAL TERM
Topical term or geographic name entry element AASHTO
Holdings
Withdrawn status Lost status Damaged status Not for loan Permanent Location Current Location Shelving location Date acquired Total Checkouts Full call number Barcode Date last seen Price effective from Koha item type
        School of Civil and Environmental Engineering (SCEE) School of Civil and Environmental Engineering (SCEE)       625.735 AAS NIT-3521 01/05/2017 01/05/2017 Book
© 2023 Central Library, National University of Sciences and Technology. All Rights Reserved.